00689nam a22001937a 4500999001900000005001700019010001500036020002500051035001400076037001300090082001500103100002000118245004300138260003600181270009400217300003200311942002900343952012300372 c190255d19025520220721113428.0 aENG-133758 c60.00a9789383657469 aEN-117290 bDBAD/PUB a306.095479 aPhuley, Jotirao aCultivator's Whipcord/cJotirao Phuley aNew DelhibCritical Questc2018 a420, G-Block, Phase VI, Aya NagarbNew Delhie110047k9910036543mcriticalquest@gmail.com a80p.c21cm(pbk)bAppendices 2ddccENh306.095479mPHU 001040708NFICaBNbBNd2022-07-21eDBAD/PUBg60.00l0o306.095479 PHUpEN-117290r2022-07-21 00:00:00t1v60.00yEN